Least-Guessed Top US Baby Girl Names 1930-2020 - Statistics

General Stats
  • This quiz has been taken 38 times
  • The average score is 5 of 14
Answer Stats
Answer Years Popular % Correct
Cynthia 1960
48%
Dolores 1930
45%
Cheryl 1960
42%
Dawn 1970
42%
Shirley 1930, 1940, 1950
42%
Virginia 1930
35%
Lois 1930
32%
Crystal 1980
29%
Gianna 2020
29%
Joyce 1930, 1940
29%
Mila 2020
29%
Tammy 1970
26%
Carolyn 1940, 1950
23%
Lori 1960
23%
No matching quizzes found
Score Distribution
Percent of People with Each Score
Percentile by Number Answered
Your Score History
You have not taken this quiz